MICROWAVE GAS DISCHARGE DEVICES (Record no. 583358)

000 -LEADER
fixed length control field 00250nam a22001097a 4500
082 ## - DEWEY DECIMAL CLASSIFICATION NUMBER
Classification number 621.3813 KRA'M
100 ## - MAIN ENTRY--PERSONAL NAME
Personal name KRASZEWSKI, A
9 (RLIN) 78196
245 ## - TITLE STATEMENT
Title MICROWAVE GAS DISCHARGE DEVICES
260 ## - PUBLICATION, DISTRIBUTION, ETC.
Place of publication, distribution, etc. LONDON
Name of publisher, distributor, etc. ILIFFE
Date of publication, distribution, etc. 1967
300 ## - PHYSICAL DESCRIPTION
Extent 338P
942 ## - ADDED ENTRY ELEMENTS (KOHA)
Koha item type Book
Holdings
Withdrawn status Lost status Damaged status Not for loan Permanent Location Current Location Shelving location Date acquired Total Checkouts Full call number Barcode Date last seen Price effective from Koha item type
        College of Electrical & Mechanical Engineering (CEME) College of Electrical & Mechanical Engineering (CEME) General Stacks 06/14/2017   621.3813 KRA'M CEME-8371 06/28/2021 06/28/2021 Book
© 2023 Central Library, National University of Sciences and Technology. All Rights Reserved.